Normal view
MARC view
Entry Personal Name
001 - CONTROL NUMBER
- control field: 5129
003 - CONTROL NUMBER IDENTIFIER
- control field: OSt
005 - DATE AND TIME OF LATEST TRANSACTION
- control field: 20190507141926.0
008 - FIXED-LENGTH DATA ELEMENTS
- fixed length control field: 190507|| aca||aabn | a|a d
040 ## - CATALOGING SOURCE
- Original cataloging agency: OSt
- Transcribing agency: OSt
100 ## - HEADING--PERSONAL NAME
- Personal name: Kim, Min-Hyu
670 ## - SOURCE DATA FOUND
- Source citation: Work cat.: (OSt): Zhang, Yahong 5128, Do public corruption convictions influence citizens' trust in government? the answer might not be a simple yes or no, 2018
